Giải tích T.2

সংরক্ষণ করুন:
গ্রন্থ-পঞ্জীর বিবরন
প্রধান লেখক: Nguyễn Thừa Hợp
বিন্যাস: গ্রন্থ
প্রকাশিত: H. ĐHQG Hà Nội 2004
বিষয়গুলি:
ট্যাগগুলো: ট্যাগ যুক্ত করুন
কোনো ট্যাগ নেই, প্রথমজন হিসাবে ট্যাগ করুন!
Thư viện lưu trữ: Trung tâm Học liệu Lê Vũ Hùng, Trường Đại học Đồng Tháp
LEADER 00759pam a22002538a 4500
001 00017551
005 20171026081022.0
008 110420s2004 ||||||Viesd
020 |c 55600 
041 0 # |a Vie 
082 1 4 |a 515  |b GI103T 
100 0 # |a Nguyễn Thừa Hợp 
245 0 0 |a Giải tích  |c Nguyễn Thừa Hợp  |n T.2 
260 # # |a H.  |b ĐHQG Hà Nội  |c 2004 
300 # # |c 24 cm.  |a 457 tr. 
653 # # |a Giải tích 
653 # # |a đạo hàm 
653 # # |a hàm vi phân 
653 # # |a Tập hợp 
852 # # |j KD.0003012  |j KM.0003507 
852 # # |b Kho đọc  |j KD.0003012 
852 # # |b Kho mượn  |j KM.0003507 
910 |d 20/04/2011 
980 # # |a Trung tâm Học liệu Lê Vũ Hùng, Trường Đại học Đồng Tháp